|
|
|
|
| LEADER |
03291nam a2200541 a 4500 |
| 001 |
00673021 |
| 003 |
GR-PaULI |
| 008 |
100226s2009 gr b 000 0 gre|c |
| 020 |
|
|
|a 9789602186602
|q (χαρτόδ.)
|
| 040 |
|
|
|a GrPaTEI
|b gre
|c GR-PaULI
|
| 041 |
1 |
|
|a gre
|h eng
|
| 050 |
|
4 |
|a HF5549
|b .L37616 2009
|
| 082 |
0 |
4 |
|a 331
|2 22
|
| 082 |
0 |
4 |
|a 658.3
|2 22
|
| 082 |
0 |
4 |
|a 658.315
|2 22
|
| 100 |
1 |
|
|a Leat, Mike.
|
| 240 |
1 |
0 |
|a Exploring employee relations.
|l Ελληνικά
|
| 245 |
1 |
0 |
|a Εργασιακές σχέσεις :
|b μια επιστημονική προσέγγιση /
|c Mike Leat, Γιάννης Κουζής, Θεόδωρος Κουτρούκης ; μετάφραση Ζιζή Σαλίμπα.
|
| 260 |
|
|
|a Αθήνα :
|b Κριτική,
|c c2009.
|
| 300 |
|
|
|a 535 σ. :
|b εικ. ;
|c 24 εκ.
|
| 490 |
0 |
|
|a Επιστημονική βιβλιοθήκη
|
| 500 |
|
|
|a "Την ύλη συμπληρώνουν δύο κεφάλαια προσαρμοσμένα στην ελληνική πραγματικότητα..." από τους Κουζή και Κουτρούκη.
|
| 500 |
|
|
|a Μετάφραση του: Exploring employee relations.
|
| 504 |
|
|
|a Περιλαμβάνει βιβλιογραφικές παραπομπές.
|
| 505 |
0 |
|
|a Μέρ.1. Εισαγωγή -- μέρ. 2. Το παγκόσμιο περιβάλλον -- μέρ. 3. Το εθνικό πλαίσιο -- μέρ. 4. Οργανωσιακό πλαίσιο: μέθοδοι, πολιτικές και διαδικασίες.
|
| 650 |
|
0 |
|a Industrial relations
|v Problems, exercises, etc.
|
| 650 |
|
0 |
|a Industrial relations.
|
| 650 |
|
0 |
|a Personnel management
|v Problems, exercises, etc.
|
| 650 |
|
0 |
|a Personnel management.
|
| 650 |
|
7 |
|a Βιομηχανικές σχέσεις.
|2 lcsh/gre
|
| 650 |
|
7 |
|a Διαχείριση προσωπικού.
|2 lcsh/gre
|
| 650 |
|
7 |
|a Διοίκηση και οργάνωση προσωπικού
|x Προβλήματα, ασκήσεις κλπ.
|2 lcsh/gre
|
| 650 |
|
7 |
|a Διοίκηση και οργάνωση προσωπικού.
|2 lcsh/gre
|
| 650 |
|
7 |
|a Διοίκηση προσωπικού.
|2 lcsh/gre
|
| 650 |
|
7 |
|a Εργασιακές σχέσεις
|x Προβλήματα, ασκήσεις κλπ.
|2 lcsh/gre
|
| 650 |
|
7 |
|a Εργασιακές σχέσεις
|z Ελλάδα.
|2 lcsh/gre
|
| 650 |
|
7 |
|a Εργασιακές σχέσεις.
|2 lcsh/gre
|
| 650 |
|
7 |
|a Εργατικά σωματεία
|z Ελλάδα.
|2 lcsh/gre
|
| 650 |
|
7 |
|a Εργατικές ενώσεις
|2 nlgaf
|
| 650 |
|
7 |
|a Μάνατζμεντ προσωπικού
|2 nlgaf
|
| 700 |
1 |
|
|a Κουζής, Γιάννης.
|
| 700 |
1 |
|
|a Κουτρούκης, Θεόδωρος Α.,
|d 1966-
|
| 700 |
1 |
|
|a Σαλίμπα, Ζιζή
|e μεταφράστρια.
|
| 942 |
|
|
|2 ddc
|
| 952 |
|
|
|0 0
|1 0
|2 ddc
|4 0
|6 658_315000000000000_LEA
|7 0
|9 253662
|a MSLG
|b MSLG
|c EUD
|d 2021-01-17
|e 24
|f 0
|g 0.00
|l 0
|o 658.315 LEA
|p 2420000026872
|r 2021-01-17 00:00:00
|t 1
|w 2021-01-17
|y BK15
|x 20131111 0 ΧΑΣΑΝΗ 1
|x GrPaTEI
|
| 952 |
|
|
|0 0
|1 0
|2 ddc
|4 0
|6 658_315000000000000_LEA
|7 0
|9 253663
|a MSLG
|b MSLG
|c EUD
|d 2021-01-17
|e 24
|f 0
|g 0.00
|l 0
|o 658.315 LEA
|p 2420000026873
|r 2021-01-17 00:00:00
|t 1
|v 2021.00
|w 2021-01-17
|y BK15
|x 20131111 0 ΧΑΣΑΝΗ 0
|x GrPaTEI
|
| 971 |
|
|
|a .b23051887
|b 14-04-20
|c 15-09-15
|
| 999 |
|
|
|c 149600
|d 149600
|